[Event "Match"]
[Site "www.echecsemail.com"]
[Date "2017.08.14"]
[Round "1"]
[White "Karlgrocer"]
[Black "Cjood"]
[WhiteElo "2010"]
[BlackElo "1950"]
[Result "1-0"]
[Round "1"]
1.Ng1f3 d5
2.d4 Nb8c6
3.e3 Bc8f5
4.a3 f6
5.Bf1e2 a6
6.O-O e5
7.dxe5 fxe5
8.Nb1d2 e4
9.Nf3e1 Qd8g5
10.g3 Bf8d6
11.Ne1g2 O-O-O
12.Nd2b3 Ng8e7
13.Ng2f4 Nc6e5
14.f3 exf3
15.Be2xf3 Ne5xf3
16.Rf1xf3 Bf5g4
17.Qd1f1 Bg4xf3
18.Qf1xf3 Qg5f6
19.Qf3g2 Bd6xf4
20.exf4 Rh8e8
21.Bc1e3 Qf6xb2
22.Be3d4 Qb2xa1
23.Nb3xa1 Ne7f5
24.Bd4e5 d4
25.Qg2h3 g6
26.Qh3xh7 Nf5e7
27.Qh7f7 Ne7d5
28.Qf7xg6 b6
29.Qg6c6 Re8e7
30.Qc6a8 Kd7
31.Qa8xa6 c5
32.Qa6b7 Ke8
33.Qb7c6 Rd8d7
34.Qc6g6 Kd8
35.Na1b3 Nd5e3
36.Be5f6 Ne3d5
37.Bf6xe7 Rd7xe7
38.Qg6g8 Kd7
39.Qg8xd5 { resign }
1-0

[Event "Match"]
[Site "www.echecsemail.com"]
[Date "2017.08.14"]
[Round "1"]
[White "Billyg"]
[Black "Stevep84"]
[WhiteElo "1730"]
[BlackElo "2130"]
[Result "0-1"]
[Round "1"]
1.e4 c6
2.d4 d5
3.e5 Bc8f5
4.Bf1d3 Bf5xd3
5.Qd1xd3 e6
6.Ng1f3 c5
7.O-O Nb8c6
8.dxc5 Bf8xc5
9.Qd3b5 Bc5b6
10.Rf1d1 Ng8e7
11.Nf3d4 O-O
12.Nd4xc6 Ne7xc6
13.Bc1e3 Bb6xe3
14.fxe3 Nc6xe5
15.c4 Ne5xc4
16.e4 Nc4e3
17.Rd1c1 Qd8g5
18.g3 Ne3g4
19.Nb1c3 Qg5e3
20.Kg2 Qe3f2
21.Kh3 Qf2xh2
22.Kxg4 f5
23.exf5 Rf8xf5
24.Rc1h1 h5
{ resign }
0-1

[Event "Match"]
[Site "www.echecsemail.com"]
[Date "2017.08.14"]
[Round "1"]
[White "Rindrandria"]
[Black "Ranjachess"]
[WhiteElo "1730"]
[BlackElo "1840"]
[Result "1-0"]
[Round "1"]
1.e4 e5
2.d4 Qd8f6
3.Ng1f3 Nb8c6
4.d5 Nc6d4
5.Bc1f4 Nd4xf3
6.gxf3 exf4
7.c3 a6
8.Nb1d2 d6
9.Qd1a4 Bc8d7
10.Qa4b4 O-O-O
11.Bf1xa6 bxa6
12.Nd2c4 Bd7b5
13.Nc4a5 Ng8e7
14.a4 c5
15.Qb4b3 Ne7c6
16.dxc6 Qf6e6
17.c4 Kc7
18.axb5 Rd8b8
19.Na5b7 axb5
20.Qb3xb5 Bf8e7
21.Ra1a7 Qe6c8
22.Nb7xc5 Kd8
23.c7 Qc8xc7
24.Ra7xc7 Rb8xb5
25.Nc5a6 Rb5xb2
26.O-O h5
27.c5 dxc5
28.Rf1d1 Ke8
29.Rc7c8 Be7d8
30.Rc8xd8 Ke7
31.Rd8xh8 c4
32.Rd1c1 Rb2a2
33.Na6b8 Ra2a4
34.Rh8xh5 Ke6
35.Rh5d5 f5
36.Rd5xf5 g6
37.Rf5d5 Kf6
38.e5 Kf5
39.Rc1e1 c3
40.e6 Kf6
41.e7 c2
42.e8Q Ra4b4
43.Nb8d7 Kg7
44.Qe8f8 Kh7
45.Nd7f6 
1-0

[Event "Match"]
[Site "www.echecsemail.com"]
[Date "2017.08.14"]
[Round "1"]
[White "Cjood"]
[Black "Pinehill"]
[WhiteElo "1980"]
[BlackElo "2060"]
[Result "0-1"]
[Round "1"]
1.b3 Ng8f6
2.Bc1b2 e6
3.Ng1f3 Bf8e7
4.e3 O-O
5.Bf1e2 d5
6.O-O Nb8d7
7.Nb1c3 c5
8.d3 b6
9.a4 Bc8b7
10.Nc3b5 a6
11.Nb5c3 Ra8c8
12.Qd1d2 Qd8c7
13.g3 Rf8d8
14.Ra1d1 e5
15.Nc3b1 e4
16.dxe4 Nf6xe4
17.Qd2c1 Be7f6
18.Bb2xf6 Nd7xf6
19.Be2d3 c4
20.Bd3xe4 dxe4
21.Rd1xd8 Rc8xd8
22.Nf3d4 Nf6d5
23.Qc1b2 c3
24.Qb2c1 Nd5b4
25.Rf1d1 Bb7c8
26.Nd4e2 Nb4a2
27.Rd1xd8 Qc7xd8
28.Qc1e1 Bc8g4
29.Ne2xc3 Na2b4
30.Nc3xe4 Nb4xc2
31.Qe1c1 Qd8d3
32.Ne4d2 g6
33.f3 Qd3xe3
34.Kf1 Bg4xf3
35.Nb1c3 Qe3xc3
36.Nd2xf3 Nc2e3
{ resign }
0-1

[Event "Match"]
[Site "www.echecsemail.com"]
[Date "2017.08.14"]
[Round "1"]
[White "Cjood"]
[Black "Biggles"]
[WhiteElo "1930"]
[BlackElo "2100"]
[Result "0-1"]
[Round "1"]
1.b3 e5
2.Bc1b2 Ng8f6
3.Bb2xe5 Bf8a3
4.Nb1xa3 Nb8c6
5.Be5b2 d5
6.Na3b1 Bc8f5
7.d3 d4
8.Ng1f3 Qd8d7
9.h3 O-O-O
10.g4 Bf5g6
11.Bf1g2 Rh8e8
12.O-O h5
13.g5 Nf6h7
14.c3 Nc6e5
15.Nf3xe5 Re8xe5
16.cxd4 Re5xg5
17.f4 Rg5g3
18.e4 f5
19.e5 Bg6f7
20.Kh2 h4
21.Rf1f3 g5
22.Rf3xg3 hxg3
23.Kxg3 gxf4
24.Kxf4 Rd8g8
25.Qd1f3 c6
26.Nb1d2 Bf7d5
27.Qf3f2 Rg8xg2
28.Qf2e3 Qd7g7
29.Qe3e1 Qg7g5

0-1

[Event "Match"]
[Site "www.echecsemail.com"]
[Date "2017.08.14"]
[Round "1"]
[White "Juodivarnai"]
[Black "Geodad5"]
[WhiteElo "2060"]
[BlackElo "2100"]
[Result "0-1"]
[Round "1"]
1.e4 c5
2.Ng1f3 d6
3.d4 cxd4
4.Nf3xd4 Nb8c6
5.Nb1c3 g6
6.Bc1e3 Bf8g7
7.f3 Ng8f6
8.Qd1d2 O-O
9.O-O-O a6
10.g4 Nf6d7
11.h4 Nc6xd4
12.Be3xd4 Bg7xd4
13.Qd2xd4 Nd7e5
14.Qd4d2 Ne5xf3
15.Qd2f4 Nf3e5
16.h5 Bc8xg4
17.Bf1e2 Bg4xe2
18.Nc3xe2 Ra8c8
19.hxg6 fxg6
20.Qf4h6 Rf8f7
21.Rd1g1 Qd8c7
22.c3 Qc7c4
23.Ne2f4 Qc4xe4
24.Nf4h3 Ne5d3
25.Kd2 Nd3f2
26.Rh1h2 Nf2xh3
27.Rh2xh3 Rf7f2
{ resign }
0-1

[Event "Match"]
[Site "www.echecsemail.com"]
[Date "2017.08.14"]
[Round "1"]
[White "Cjood"]
[Black "Dussek"]
[WhiteElo "1980"]
[BlackElo "1750"]
[Result "1-0"]
[Round "1"]
1.e4 e6
2.d4 d5
3.exd5 exd5
4.h3 Ng8f6
5.Bf1d3 Bf8e7
6.Bc1e3 Nb8c6
7.Ng1f3 O-O
8.c3 Bc8e6
9.O-O Qd8d7
10.Nb1d2 Be6xh3
11.gxh3 Qd7xh3
12.Nf3g5 Qh3d7
13.Qd1f3 h6
14.Ng5h3 Nf6g4
15.Be3f4 Ng4f6
16.Qf3g3 Nf6h5
17.Qg3h2 Nh5xf4
18.Nh3xf4 Be7d6
19.Qh2h4 Nc6e7
20.a4 Ne7f5
21.Qh4g4 Bd6xf4
22.Bd3xf5 Qd7d6
23.Nd2b3 Ra8e8
24.Nb3c5 Kh8
25.Nc5xb7 Qd6b6
26.Nb7c5 Qb6d6
27.Nc5d3 Bf4g5
28.Nd3e5 Re8xe5
29.dxe5 Qd6xe5
30.Ra1e1 Qe5f6
31.Re1d1 c6
32.Rd1d4 Rf8e8
33.b4 Re8b8
34.Rf1d1 g6
35.Bf5d7 h5
36.Qg4h3 Rb8d8
37.Bd7xc6 Qf6xc6
38.b5 Qc6f6
39.Rd4xd5 Rd8e8
40.Rd5d7 a6
41.c4 axb5
42.axb5 Qf6e5
43.Rd7xf7 Bg5e7
44.Qh3f1 Qe5g5
45.Qf1g2 Qg5xg2
46.Kxg2 Kg8
47.Rf7f3 Be7c5
48.Rf3f6 Kg7
49.Rf6c6 Bc5e7
50.Rd1d7 Kf8
51.b6 { resign }
1-0

[Event "Match"]
[Site "www.echecsemail.com"]
[Date "2017.08.14"]
[Round "1"]
[White "Joseph1983"]
[Black "Cjood"]
[WhiteElo "2210"]
[BlackElo "2030"]
[Result "1-0"]
[Round "1"]
1.Ng1f3 d5
2.d4 g6
3.Bc1f4 Bf8g7
4.e3 a6
5.c4 dxc4
6.Bf1xc4 Ng8f6
7.Nb1c3 O-O
8.a4 Nb8d7
9.Nf3e5 Nd7xe5
10.Bf4xe5 Bc8e6
11.Bc4xe6 fxe6
12.Qd1b3 Qd8d7
13.Qb3xb7 Rf8b8
14.Qb7xc7 Rb8xb2
15.Qc7xd7 Nf6xd7
16.Be5xg7 Kxg7
17.O-O Rb2b3
18.Nc3e4 Nd7f6
19.Ne4c5 Rb3b6
20.a5 Rb6c6
21.Nc5d3 Ra8c8
22.Ra1b1 Rc8d8
23.Nd3e5 Rc6d6
24.Rb1b7 Kf8
25.Rf1c1 Nf6d5
26.g3 Ke8
27.e4 Nd5f6
28.Rc1c7 Nf6d7
29.Ne5c6 Rd8a8
30.Kg2 h5
31.h4 Ra8d8
32.Nc6xd8 Kxd8
33.Rc7c4 e5
34.dxe5 Nd7xe5
35.Rc4c5 Ne5d3
36.Rc5d5 Rd6xd5
37.exd5 Nd3c5
38.Rb7b6 Kc7
39.Rb6c6 { resign }
1-0

[Event "1/128 Finale"]
[Site "www.chess-mail.com"]
[Date "2017.08.14"]
[Round "1"]
[White "Claudia"]
[Black "Guidom"]
[WhiteElo "2000"]
[BlackElo "2120"]
[Result "1/2-1/2"]
[Round "1"]
1.e4 e5
2.Ng1f3 Nb8c6
3.Bf1c4 d6
4.c3 h6
5.h3 Ng8f6
6.d3 Bf8e7
7.O-O O-O
8.Nb1d2 Bc8d7
9.Rf1e1 a6
10.Nd2f1 b5
11.Bc4b3 Nc6a5
12.Bb3c2 c5
13.Nf1g3 Qd8c7
14.Nf3h4 Na5c6
15.Nh4f5 Bd7xf5
16.Ng3xf5 Kh7
17.Qd1f3 b4
18.g4 Nf6g8
19.g5 g6
20.Nf5xh6 Ng8xh6
21.gxh6 f5
22.exf5 Rf8xf5
23.Qf3g2 Ra8g8
24.Kh1 Rf5h5
25.Re1g1 Qc7d7
26.Kh2 d5
27.f4 d4
28.Bc2a4 bxc3
29.Ba4xc6 Qd7d6
30.Bc6e4 Rh5xh6
31.f5 Rh6h4
32.fxg6 Kg7
33.bxc3 Rg8h8
34.Be4f5 e4
35.Kh1 e3
36.cxd4 cxd4
37.a4 Qd6e5
38.Bf5g4 Qe5g5
39.Bc1a3 Be7xa3
40.Ra1xa3 e2
41.Ra3a1 Qg5e3
42.Kh2 Qe3f4
43.Qg2g3 Rh4xg4
44.Qg3xf4 Rg4xf4
45.Ra1e1 Rf4f3
46.Rg1g3 Rf3f2
47.Rg3g2 Rf2f3
48.Rg2g3 Rf3f2
49.Rg3g2 Rf2f3
50.Re1xe2 Rh8xh3
51.Kg1 Rh3g3
52.Re2e7 Kxg6
53.Re7e6 Kf5
54.Re6xa6 { draw }
1/2-1/2

[Event "Tourn. n9493"]
[Site "www.chess-mail.com"]
[Date "2017.08.15"]
[Round "1"]
[White "Caspito"]
[Black "Cjood"]
[WhiteElo "1900"]
[BlackElo "1910"]
[Result "1-0"]
[Round "1"]
1.e4 c5
2.b3 e6
3.Bc1b2 a6
4.Nb1c3 Nb8c6
5.Ng1f3 d5
6.exd5 exd5
7.Qd1e2 Bf8e7
8.O-O-O Bc8e6
9.g3 d4
10.Nc3e4 f5
11.Ne4xc5 Be6c8
12.Bf1g2 Qd8d6
13.Nc5d3 a5
14.Rh1e1 b5
15.Nf3e5 Bc8b7
16.Nd3f4 Bb7a6
17.Qe2h5 g6
18.Nf4xg6 Ng8f6
19.Bg2xc6 Qd6xc6
20.Ne5xc6 { resign }
1-0

[Event "Tourn. n9415"]
[Site "www.chess-mail.com"]
[Date "2017.08.15"]
[Round "1"]
[White "Bjonil60"]
[Black "Dussek"]
[WhiteElo "1540"]
[BlackElo "1499"]
[Result "0-1"]
[Round "1"]
1.Nb1c3 e5
2.e3 Ng8f6
3.d3 d5
4.a3 Nb8c6
5.Ng1e2 Bf8e7
6.g3 Bc8g4
7.f3 Bg4xf3
8.Rh1g1 Nf6g4
9.Bf1h3 Ng4xh2
10.d4 e4
11.Qd1d2 Bf3xe2
12.Qd2xe2 Nh2f3
13.Kf1 Qd8d6
14.Nc3b5 Qd6d8
15.Rg1h1 O-O
16.Bh3g2 Be7g5
17.Bg2xf3 exf3
18.Qe2xf3 a6
19.Nb5c3 Nc6e7
20.Qf3g4 Ne7g6
21.Qg4h5 Bg5h6
22.e4 Qd8f6
23.Kg2 Qf6xd4
24.Nc3e2 Qd4xe4
25.Kf2 Ra8e8
26.Ne2c3 Qe4d4
27.Kg2 Re8e5
28.Qh5f3 Bh6xc1
29.Ra1xc1 Re5e3
30.Qf3f2 Rf8e8
31.Nc3a4 Qd4xa4
32.Rc1e1 Qa4e4
33.Kh2 Qe4d4
34.Re1d1 Qd4e5
35.Rd1e1 Re3xe1
36.Rh1xe1 Qe5h5
37.Kg2 Re8xe1
38.Qf2xe1 Qh5e5
39.Qe1b4 Qe5e2
40.Kh3 b6
41.c3 Qe2c4
42.Qb4xc4 dxc4
43.g4 b5
44.Kg3 f6
45.Kf3 Ng6e5
46.Kf4 Kf7
47.Kf5 Ne5d3
48.a4 Nd3xb2
49.axb5 axb5
50.Kf4 Nb2d1
51.Kf5 Nd1xc3
52.Kf4 Nc3d5
53.Kf5 c3
54.Ke4 Nd5b4
55.Kd4 c2
56.Kc5 Nb4d3
57.Kc6 c1Q
58.Kxb5 Qc1c5
59.Ka6 Qc5b6

0-1

[Event "Tourn. n9468"]
[Site "www.chess-mail.com"]
[Date "2017.08.15"]
[Round "1"]
[White "Redapond1"]
[Black "Gilliere"]
[WhiteElo "1830"]
[BlackElo "2080"]
[Result "0-1"]
[Round "1"]
1.d4 d5
2.Bc1f4 Nb8c6
3.Nb1c3 a6
4.e3 e6
5.Bf1d3 Ng8f6
6.Ng1f3 Bf8e7
7.O-O O-O
8.e4 dxe4
9.Bd3xe4 { time. }
0-1

[Event "Tourn. n9452"]
[Site "www.chess-mail.com"]
[Date "2017.08.15"]
[Round "1"]
[White "Fantomas"]
[Black "Jackbauer"]
[WhiteElo "1850"]
[BlackElo "1890"]
[Result "1-0"]
[Round "1"]
1.e4 c5
2.Ng1f3 d6
3.Bf1c4 h6
4.Nb1c3 Ng8f6
5.O-O e6
6.d4 Nb8d7
7.h3 a6
8.a4 Nd7b6
9.Bc4a2 Bf8e7
10.Bc1e3 Bc8d7
11.b3 O-O
12.e5 Nf6e8
13.exd6 Be7xd6
14.dxc5 Ra8c8
15.Nc3e4 Bd6c7
16.cxb6 Bc7b8
17.Be3c5 Ne8d6
18.Bc5xd6 Rf8e8
19.a5 f5
20.Bd6xb8 Rc8xb8
21.Ne4c5 Bd7b5
22.c4 Bb5c6
23.Nf3d4 Bc6xg2
24.Kxg2 Qd8g5
25.Kh1 f4
26.Nc5xe6 Qg5g6
27.Rf1g1 Qg6e4
28.f3 Qe4e5
29.Ne6xg7 Re8c8
30.Ng7e6 Kf7
31.Rg1g7 Kf6
32.Qd1g1 Qe5h5
33.Ne6xf4 Qh5g5
34.Rg7xg5 { resign }
1-0

[Event "Match"]
[Site "www.echecsemail.com"]
[Date "2017.08.15"]
[Round "1"]
[White "Mitja"]
[Black "Ssharp"]
[WhiteElo "1990"]
[BlackElo "2330"]
[Result "1/2-1/2"]
[Round "1"]
1.d4 d5
2.e3 Ng8f6
3.c3 Bc8f5
4.h3 e6
5.Qd1b3 Qd8c8
6.Ng1f3 Nb8d7
7.Qb3d1 Bf8d6
8.Nb1d2 h6
9.Nd2b3 O-O
10.Bf1d3 Bf5xd3
11.Qd1xd3 b6
12.Nb3d2 c5
13.dxc5 Nd7xc5
14.Qd3e2 e5
15.O-O Nc5e6
16.Rf1d1 Qc8b7
17.b3 e4
18.Nf3d4 Ne6xd4
19.cxd4 a6
20.Nd2f1 Ra8c8
21.Bc1b2 Rc8c7
22.Ra1c1 Rf8c8
23.Rc1xc7 Rc8xc7
24.Rd1c1 Rc7xc1
25.Bb2xc1 Qb7c8
26.Qe2d2 a5
27.a3 Qc8f8
28.Qd2b2 b5
29.Qb2a2 b4
30.axb4 Bd6xb4
31.Bc1d2 Bb4xd2
32.Nf1xd2 Qf8b4
33.Nd2f1 Qb4c3
34.Qa2d2 Qc3xd2
35.Nf1xd2 Nf6e8
36.Kf1 f5
37.g3 Kf7
38.f4 g5
39.Ke2 Ne8c7
40.Nd2b1 Nc7b5
41.Kd2 Kg6
42.Nb1c3 Nb5xc3
43.Kxc3 gxf4
44.gxf4 Kh5
45.b4 axb4
46.Kxb4 Kh4
47.Kc5 Kg3
48.Kxd5 Kf3
49.Ke5 Kxe3
50.d5 Kf3
51.d6 e3
52.d7 e2
53.d8Q e1Q
54.Kxf5 Qe1e4
55.Kf6 Qe4xf4
56.Kg6 Kg3
57.Qd8d3 Kh4
58.Qd3d8 Kxh3
59.Qd8d5 Kg3
60.Kh5 Qf4h4
{ draw }
1/2-1/2

[Event "Match"]
[Site "www.echecsemail.com"]
[Date "2017.08.15"]
[Round "1"]
[White "Winston"]
[Black "Whitekknight"]
[WhiteElo "1940"]
[BlackElo "1980"]
[Result "0-1"]
[Round "1"]
1.e4 e5
2.Ng1f3 Nb8c6
3.Bf1c4 h6
4.c3 Ng8f6
5.d3 Bf8c5
6.d4 exd4
7.cxd4 Bc5b4
8.Bc1d2 Bb4xd2
9.Nb1xd2 O-O
10.O-O d6
11.d5 Nc6a5
12.Bc4d3 b6
13.b4 Na5b7
14.Nf3d4 Bc8d7
15.Rf1e1 Rf8e8
16.a4 Ra8c8
17.b5 Qd8e7
18.Nd4c6 Bd7xc6
19.dxc6 Nb7c5
20.Bd3c4 Qe7e5
21.Nd2b3 Nc5xb3
22.Qd1xb3 Re8f8
23.a5 Rc8e8
24.f3 Qe5d4
25.Kh1 Re8d8
26.Ra1d1 Qd4e5
27.axb6 axb6
28.Rd1a1 Rd8a8
29.Bc4xf7 Kh8
30.Ra1xa8 Rf8xa8
31.Re1b1 Ra8d8
32.Qb3a4 Rd8f8
33.Bf7g6 Nf6g8
34.Qa4a7 Qe5f6
35.Bg6f5 Rf8f7
36.Bf5d7 Qf6d8
37.Rb1e1 Ng8f6
38.Bd7e6 Rf7e7
39.Be6b3 Nf6e8
40.Re1a1 Re7e5
41.Bb3c4 Re5c5
42.Bc4f1 Kh7
43.Qa7b7 d5
44.Ra1a8 Qd8e7
45.Ra8xe8 Qe7xe8
46.Qb7xc7 Rc5xb5
47.Qc7d7 Rb5b1
48.Kg1 Qe8a8
49.c7 Rb1c1
50.Qd7d8 Qa8a7
51.c8Q b5
{ resign }
0-1

[Event "Match"]
[Site "www.echecsemail.com"]
[Date "2017.08.15"]
[Round "1"]
[White "Stevep84"]
[Black "Geodad5"]
[WhiteElo "2110"]
[BlackElo "2110"]
[Result "1-0"]
[Round "1"]
1.e4 c5
2.Ng1f3 d6
3.d4 cxd4
4.Nf3xd4 Nb8c6
5.c4 Ng8f6
6.Nb1c3 g6
7.Bc1e3 Bf8g7
8.Bf1e2 Bc8d7
9.O-O O-O
10.f4 e5
11.Nd4b5 exf4
12.Be3xf4 Qd8b6
13.Kh1 Rf8e8
14.Nb5xd6 Re8e6
15.Nc3a4 Qb6d8
16.Nd6xb7 Qd8c8
17.Na4c5 Re6xe4
18.Nb7d6 Qc8f8
19.Nd6xe4 Bd7f5
20.Ne4xf6 Bg7xf6
21.Nc5d7 Bf5xd7
22.Qd1xd7 Nc6d4
23.Be2f3 Nd4xf3
24.Rf1xf3 Bf6xb2
25.Ra1b1 Bb2g7
26.Bf4d6 Qf8e8
27.Qd7xe8 Ra8xe8
28.Rb1b8 Re8xb8
29.Bd6xb8 Bg7d4
30.Rf3d3 Bd4b6
31.Rd3d5 a6
32.c5 { resign }
1-0

[Event "1/128 Finale"]
[Site "www.chess-mail.com"]
[Date "2017.08.15"]
[Round "1"]
[White "Cjood"]
[Black "Llord"]
[WhiteElo "1950"]
[BlackElo "1940"]
[Result "1-0"]
[Round "1"]
1.e4 e5
2.Ng1f3 Nb8c6
3.Bf1c4 Bf8e7
4.d4 exd4
5.Nf3xd4 Nc6xd4
6.Qd1xd4 Be7f6
7.Qd4e3 Qd8e7
8.c3 h6
9.O-O Bf6g5
10.Qe3f3 f6
11.Bc1xg5 hxg5
12.Nb1d2 d6
13.Rf1e1 Ng8h6
14.h3 Bc8d7
15.Ra1d1 O-O-O
16.e5 dxe5
17.Nd2b3 Bd7c6
18.Qf3e3 Nh6f5
19.Qe3xa7 { resign }
1-0

[Event "Tourn. n9376"]
[Site "www.chess-mail.com"]
[Date "2017.08.16"]
[Round "1"]
[White "Wegaman"]
[Black "Falcoale"]
[WhiteElo "2010"]
[BlackElo "2010"]
[Result "1-0"]
[Round "1"]
1.d4 Ng8f6
2.c4 e6
3.Ng1f3 b6
4.Nb1c3 Bc8b7
5.Bc1g5 h6
6.Bg5h4 Bf8e7
7.e3 O-O
8.Bf1e2 d6
9.O-O c6
10.b3 Nb8d7
11.Rf1e1 Rf8e8
12.Ra1c1 Qd8b8
13.Qd1c2 d5
14.cxd5 cxd5
15.h3 Re8c8
16.Qc2b2 a6
17.Bh4g3 Qb8a7
18.a4 Be7b4
19.Be2d3 Nf6e4
20.Bd3xe4 dxe4
21.Nf3d2 Nd7f6
22.Nc3a2 Nf6d5
23.Nd2xe4 Bb4xe1
24.Rc1xe1 a5
25.Ne4d6 Rc8d8
26.Qb2d2 Bb7a6
27.e4 Nd5e7
28.Na2c3 Ne7c6
29.Nc3b5 Ba6xb5
30.Nd6xb5 Qa7d7
31.d5 exd5
32.exd5 f6
33.d6 Nc6e5
34.Bg3xe5 fxe5
35.Re1xe5 Kh8
36.Re5e7 Qd7f5
37.Qd2d4 Rd8d7
38.Qd4xg7 { resign }
1-0

[Event "Tourn. n9256"]
[Site "www.chess-mail.com"]
[Date "2017.08.16"]
[Round "1"]
[White "Paulsyd"]
[Black "Louis"]
[WhiteElo "1959"]
[BlackElo "2030"]
[Result "1-0"]
[Round "1"]
1.e4 c5
2.Ng1f3 d6
3.d4 cxd4
4.Nf3xd4 Ng8f6
5.Nb1c3 a6
6.Bc1g5 Nb8d7
7.f4 Qd8c7
8.Qd1f3 b5
9.O-O-O Bc8b7
10.Kb1 Ra8c8
11.Bf1d3 e6
12.Rh1e1 Bf8e7
13.a3 Qc7b6
14.Nd4b3 h6
15.Bg5h4 Rc8xc3
16.bxc3 Qb6c7
17.Qf3g3 O-O
18.e5 dxe5
19.fxe5 Nf6d5
20.Bh4xe7 Nd5xe7
21.c4 bxc4
22.Bd3xc4 Rf8c8
23.Bc4d3 Ne7d5
24.Rd1c1 Nd5c3
25.Ka1 Nd7b6
26.Qg3g4 Nb6d5
27.Qg4h4 Qc7c6
28.Re1f1 a5
29.Rf1f3 Qc6e8
30.Rc1f1 Qe8f8
31.Kb2 a4
32.Nb3d4 Rc8b8
33.Rf3xf7 Qf8xf7
34.Bd3h7 Kxh7
35.Rf1xf7 Bb7c6
36.Nd4b3 axb3
37.cxb3 Bc6a4
38.b4 Nc3d1
39.Kb1 Ba4e8
40.Rf7f1 Nd1c3
41.Kb2 Be8g6
42.Rf1c1 Nc3e2
43.Rc1c6 Ne2f4
44.g3 Nf4d3
45.Kb3 Bg6f5
46.Qh4d4 Rb8b7
47.g4 Nd3xb4
48.axb4 Rb7xb4
49.Qd4xb4 Nd5xb4
50.Kxb4 Bf5xg4
51.Rc6c7 h5
52.h4 Kh6
53.Rc7f7 Kg6
54.Rf7f4 Kh7
55.Kc5 Kg6
56.Kd6 Bg4f5
57.Rf4c4 Bf5g4
58.Rc4c7 Bg4f5
59.Rc7e7 Bf5g4
60.Re7xe6 Bg4xe6
61.Kxe6 Kh7
62.Kf7 g6
63.e6 Kh8
64.Kxg6 Kg8
65.e7 Kh8
66.e8Q 
1-0

[Event "Tourn. n9443"]
[Site "www.chess-mail.com"]
[Date "2017.08.16"]
[Round "1"]
[White "Churrasca"]
[Black "Picifarkinca"]
[WhiteElo "1940"]
[BlackElo "1940"]
[Result "1/2-1/2"]
[Round "1"]
1.e4 b6
2.d4 e6
3.Ng1f3 Bc8b7
4.Nb1c3 Bf8b4
5.Bc1d2 Ng8e7
6.Bf1d3 d6
7.O-O Nb8d7
8.a3 Bb4xc3
9.Bd2xc3 Nd7f6
10.Rf1e1 Ne7g6
11.d5 e5
12.Bd3b5 Nf6d7
13.b4 O-O
14.Bc3b2 a6
15.Bb5c6 Qd8c8
16.Bc6xb7 Qc8xb7
17.c4 c6
18.g3 cxd5
19.cxd5 Ra8c8
20.Ra1c1 Rc8xc1
21.Qd1xc1 Rf8c8
22.Qc1b1 b5
23.Nf3d2 Nd7b6
24.Re1c1 Nb6a4
25.Rc1xc8 Qb7xc8
26.Nd2b3 Na4xb2
27.Qb1xb2 Qc8c4
28.Nb3d2 Qc4d3
29.f3 Qd3e3
30.Kg2 h6
31.Nd2b3 Qe3b6
32.Nb3a5 Ng6e7
33.Qb2c3 Kf8
34.f4 f6
35.fxe5 fxe5
36.h4 Ke8
{ draw }
1/2-1/2

[Event "Tourn. n9424"]
[Site "www.chess-mail.com"]
[Date "2017.08.16"]
[Round "1"]
[White "Ffdd65"]
[Black "Picifarkinca"]
[WhiteElo "2150"]
[BlackElo "2040"]
[Result "1/2-1/2"]
[Round "1"]
1.e4 c6
2.d4 d5
3.e5 Bc8f5
4.Bf1d3 Bf5xd3
5.Qd1xd3 e6
6.Ng1f3 Qd8b6
7.O-O Nb8d7
8.Nb1c3 Ng8e7
9.Nc3a4 Qb6a5
10.b3 Ne7f5
11.Bc1d2 Qa5c7
12.Bd2c3 c5
13.Bc3b2 h5
14.dxc5 Nd7xc5
15.Na4xc5 Bf8xc5
16.Qd3b5 Ke7
17.Qb5e2 a5
18.a4 Ra8c8
19.Rf1d1 Qc7b6
20.Rd1d3 Rh8d8
21.Bb2a3 Bc5xa3
22.Ra1xa3 Qb6b4
23.Ra3a2 Rc8c3
24.Qe2d2 Rd8c8
25.Rd3xc3 Rc8xc3
26.h3 Kf8
27.Ra2a1 b6
28.Ra1d1 Qb4c5
29.Nf3d4 Nf5xd4
30.Qd2xd4 Rc3xc2
31.Qd4h4 g6
32.Qh4d8 Kg7
{ draw }
1/2-1/2

[Event "Tourn. n9413"]
[Site "www.chess-mail.com"]
[Date "2017.08.16"]
[Round "1"]
[White "Passaroa25"]
[Black "Llcervello"]
[WhiteElo "1660"]
[BlackElo "1590"]
[Result "0-1"]
[Round "1"]
1.e4 e5
2.f3 f6
3.d3 c5
4.Nb1d2 d6
5.Ng1e2 b5
6.Ne2g3 Qd8a5
7.Bf1e2 Bc8a6
8.O-O g6
9.Nd2b3 Qa5b6
10.Bc1e3 Nb8c6
11.c3 b4
12.Be3d2 c4
13.Rf1f2 cxb3
14.Qd1xb3 Ra8b8
15.a4 Bf8e7
16.Kf1 h5
17.h4 Qb6a5
18.Qb3d5 Kd7
19.Qd5xa5 Nc6xa5
20.Bd2e1 b3
21.c4 Na5c6
22.Be1c3 Be7d8
23.a5 g5
24.hxg5 h4
25.Ng3f5 fxg5
26.Ke1 h3
27.Kd2 h2
28.Rf2f1 Ng8f6
29.g4 Bd8e7
30.Nf5g3 Rh8h3
31.Rf1h1 Rb8h8
32.Ng3f1 Nc6d8
33.Nf1xh2 Rh3xh2
34.Bc3b4 Rh2xh1
35.Ra1xh1 Rh8xh1
36.Kc3 Nd8c6
37.Kxb3 Nc6d4
38.Ka3 Nd4xe2
39.Ka4 Ne2c1
40.c5 dxc5
41.Bb4a3 Nc1xd3
42.Kb3 Rh1c1
43.Ka2 Ba6c4
44.b3 Rc1c2
45.Ka1 Bc4xb3
46.Kb1 c4
47.Ba3xe7 Kxe7
{ resign }
0-1

[Event "Tourn. n9364"]
[Site "www.chess-mail.com"]
[Date "2017.08.16"]
[Round "1"]
[White "Chessington"]
[Black "Gimmyg"]
[WhiteElo "2470"]
[BlackElo "2420"]
[Result "1-0"]
[Round "1"]
1.Ng1f3 c5
2.g3 d5
3.Bf1g2 Nb8c6
4.d4 e6
5.O-O Ng8f6
6.c4 dxc4
7.dxc5 Qd8xd1
8.Rf1xd1 Bf8xc5
9.Nb1d2 c3
10.bxc3 O-O
11.Nd2b3 Bc5e7
12.Nf3d4 Nc6xd4
13.cxd4 Nf6d5
14.Nb3a5 Be7b4
15.Na5c4 b6
16.Bc1d2 Bb4xd2
17.Rd1xd2 Bc8a6
18.Bg2xd5 exd5
19.Nc4e3 Ba6c4
20.a4 Ra8c8
21.Rd2b2 Rf8d8
22.Ne3xc4 dxc4
23.e3 Rc8c6
24.Kf1 Rd8b8
25.Ke2 Kf8
26.Rb2b4 Ke7
27.Ra1c1 Rb8c8
28.Rc1c3 f5
29.a5 Rc8c7
30.Rb4b5 g6
31.Kd2 Rc6d6
32.Rc3c2 Rc7c5
33.Rb5xc5 bxc5
34.Rc2xc4 cxd4
35.exd4 Rd6d7
36.Kd3 Kd6
37.Rc4c8 Rd7b7
38.Kc4 Rb7b2
39.Rc8d8 Kc7
40.Rd8h8 Kc6
41.d5 Kd6
42.Rh8d8 Ke7
43.Rd8a8 Rb2c2
44.Kb5 Rc2b2
45.Kc5 Rb2c2
46.Kd4 Rc2d2
47.Ke3 Rd2xd5
48.Ra8xa7 Kf6
49.a6 Rd5a5
50.Ra7a8 Kg5
51.h3 Kh6
52.a7 g5
53.Kd4 Kh5
54.Kc3 { resign }
1-0

[Event "Match"]
[Site "www.echecsemail.com"]
[Date "2017.08.16"]
[Round "1"]
[White "Matthias"]
[Black "Gvladutz"]
[WhiteElo "1159"]
[BlackElo "2329"]
[Result "0-1"]
[Round "1"]
1.e3 f5
2.d4 e6
3.Ng1f3 Ng8f6
4.Nb1c3 Bf8e7
5.Bf1c4 d5
6.Bc4b3 c5
7.Bb3a4 Bc8d7
8.Nf3e5 O-O
9.O-O Bd7xa4
10.Nc3xa4 Nb8d7
11.b3 Nd7xe5
12.dxe5 Nf6e4
13.Bc1a3 b5
14.f3 bxa4
15.fxe4 fxe4
16.Rf1xf8 Qd8xf8
17.c4 Qf8f5
18.cxd5 Qf5xe5
19.dxe6 Be7g5
20.Qd1d7 Qe5xa1
21.Kf2 Ra8f8
22.Qd7f7 Rf8xf7
{ resign }
0-1

[Event "Match"]
[Site "www.echecsemail.com"]
[Date "2017.08.16"]
[Round "1"]
[White "1challenger"]
[Black "Traub"]
[WhiteElo "1499"]
[BlackElo "1430"]
[Result "0-1"]
[Round "1"]
1.d4 f5
2.g3 Ng8f6
3.Bf1g2 d5
4.Ng1f3 e6
5.O-O c5
6.c3 Nb8c6
7.Bc1f4 cxd4
8.cxd4 Nf6e4
9.Nb1d2 g5
{ resign }
0-1

[Event "Match"]
[Site "www.echecsemail.com"]
[Date "2017.08.16"]
[Round "1"]
[White "Cjood"]
[Black "Guidom"]
[WhiteElo "1900"]
[BlackElo "2100"]
[Result "0-1"]
[Round "1"]
1.e4 e5
2.Ng1f3 Nb8c6
3.Bf1b5 a6
4.Bb5c4 d6
5.d4 exd4
6.Nf3xd4 Nc6e5
7.b3 Ne5xc4
8.bxc4 Ng8f6
9.Qd1f3 Qd8e7
10.Bc1g5 Qe7xe4
11.Qf3xe4 Nf6xe4
12.Bg5h4 Bc8e6
13.Nd4xe6 fxe6
14.O-O g6
15.Rf1e1 Ne4c5
16.Bh4f6 Rh8g8
17.g3 Kd7
18.Nb1d2 e5
19.Re1e2 h6
20.Ra1b1 b6
21.h4 Ke6
22.Bf6xe5 dxe5
23.Nd2f3 e4
24.Nf3d4 Kd7
25.Rb1d1 Bf8d6
26.Nd4b3 Nc5xb3
27.cxb3 Ra8e8
28.b4 Kc6
29.a3 e3
30.Re2xe3 Re8xe3
31.fxe3 Bd6xg3
32.Rd1d4 Bg3d6
33.e4 Rg8e8
34.Kg2 Bd6e5
35.Rd4d3 g5
36.hxg5 hxg5
37.Kf3 Be5f4
38.a4 Re8h8
39.Kg4 Rh8h6
40.Rd3d5 Rh6d6
41.b5 axb5
42.cxb5 Kb7
43.Kf5 Rd6xd5
44.exd5 Kc8
45.Kg4 Kd7
46.Kf5 Kd6
47.Ke4 Kc5
{ resign }
0-1

[Event "Match"]
[Site "www.echecsemail.com"]
[Date "2017.08.16"]
[Round "1"]
[White "Pinehill"]
[Black "Blackygrey"]
[WhiteElo "2030"]
[BlackElo "1499"]
[Result "0-1"]
[Round "1"]
1.e4 c5
2.Ng1f3 d6
3.Bf1b5 Nb8d7
4.d4 cxd4
5.Nf3xd4 Ng8f6
6.Nb1c3 g6
7.f3 Bf8g7
8.Bc1e3 O-O
9.Qd1d2 a6
10.Bb5xd7 Bc8xd7
11.O-O-O b5
12.Kb1 b4
13.Nc3e2 a5
14.g4 a4
15.Qd2xb4 Qd8c7
16.Qb4c3 Qc7b7
17.h4 e5
18.Qc3d2 exd4
19.Be3xd4 Ra8b8
20.h5 Bd7xg4
21.hxg6 fxg6
22.fxg4 Nf6xe4
23.Qd2e3 Ne4f2
24.Bd4xg7 Qb7xg7
25.Qe3e6 Kh8
{ resign }
0-1

[Event "Match"]
[Site "www.echecsemail.com"]
[Date "2017.08.16"]
[Round "1"]
[White "Luzhin"]
[Black "Krystek23"]
[WhiteElo "2310"]
[BlackElo "2380"]
[Result "1/2-1/2"]
[Round "1"]
1.Ng1f3 Ng8f6
2.c4 g6
3.g3 Bf8g7
4.Bf1g2 c6
5.O-O O-O
6.d4 d6
7.Nb1c3 Qd8a5
8.Qd1c2 Bc8e6
9.b3 d5
10.Bc1f4 Rf8d8
11.cxd5 Nf6xd5
12.Bf4d2 Nd5xc3
13.Bd2xc3 Qa5c7
14.Rf1d1 Nb8a6
15.Ra1c1 Bg7h6
16.e3 Be6d5
17.Bc3d2 Qc7b6
18.e4 Bh6xd2
19.Rd1xd2 Bd5e6
20.Bg2f1 Rd8d7
21.Qc2c3 f6
22.Bf1c4 Be6f7
23.Kg2 Kg7
24.h4 h5
25.Qc3e3 Ra8f8
26.Rc1d1 Na6c7
27.a3 Bf7e6
28.Nf3g1 Rf8d8
29.Ng1e2 Qb6a5
30.Bc4xe6 Nc7xe6
31.b4 Qa5b6
32.Qe3c3 Rd7d6
33.f4 Kh8
34.e5 fxe5
35.fxe5 Rd6d7
36.Qc3c4 Rd7d5
37.Ne2c3 Rd5xd4
38.Rd2xd4 Ne6xd4
39.Nc3a4 Qb6b5
40.Rd1xd4 Rd8f8
41.Qc4xb5 cxb5
42.Na4c5 b6
43.Nc5e6 Rf8f5
44.Rd4d5 Kg8
45.Ne6d4 Rf5f8
46.Nd4c6 Rf8e8
47.Nc6xe7 Re8xe7
48.Kf3 Kf7
49.Rd5xb5 Re7c7
50.Rb5d5 Rc7c1
51.Rd5d7 Ke6
52.Rd7xa7 Kxe5
53.Ra7a6 Rc1c3
54.Kf2 Rc3c2
55.Ke1 Rc2c3
56.Ra6xb6 Rc3xg3
57.a4 Rg3g4
58.a5 Rg4xh4
59.a6 { draw }
1/2-1/2